Top 50 UK Baby Girls Names In 1924 - Statistics

General Stats
  • This quiz has been taken 1,211 times
  • The average score is 25 of 50
Answer Stats
Hint Answer % Correct
2 Mary
96%
9 Elizabeth
94%
1 Margaret
90%
12 Jean
78%
3 Joan
76%
44 Rose
75%
37 Catherine
73%
5 Dorothy
73%
30 Alice
71%
22 Edith
67%
18 Barbara
64%
11 Betty
63%
31 Patricia
63%
7 Doris
62%
28 Annie
61%
23 Florence
61%
46 Frances
60%
47 Lily
58%
41 Ellen
55%
38 Ethel
55%
35 Evelyn
55%
6 Kathleen
54%
20 Edna
53%
32 Ivy
52%
50 Nancy
52%
8 Irene
51%
14 Gladys
50%
27 Olive
50%
29 Violet
50%
17 Elsie
48%
34 Iris
46%
10 Eileen
42%
16 Vera
42%
15 Doreen
41%
49 Marion
41%
24 Phyllis
40%
26 Hilda
39%
19 Winifred
38%
4 Joyce
37%
21 Audrey
35%
13 Marjorie
34%
25 Lilian
29%
43 Sheila
29%
42 Sylvia
29%
39 Beryl
24%
45 Constance
19%
48 Freda
19%
33 Muriel
19%
36 Peggy
18%
40 Gwendoline
12%
No matching quizzes found
Score Distribution
Percent of People with Each Score
Percentile by Number Answered
Your Score History
You have not taken this quiz